00399nam a22001457a 450000500170000000800410001702000130005804100130007108200130008410000130009724500430011026000440015330000300019765000260022720240229132702.0240229b |||||||| |||| 00| 0 eng d a10233806 aEnglish  a349 BUT  lEnglish  aButterworths Law Reports : Labour Law  aDurban : bLexisNexis (Pty) Ltd, c2012 bxxi, 98 pages ; c25 cm.  aLegal practice bLaw